000 00433nab a2200145Ia 4500
003 ES-SlBCS
005 20210601125803.0
008 140529s1937 xxu||||| |||| 00| 0 fre d
041 _afre
100 1 _aWalz, Angelo
_9133357
245 0 0 _aEssai de bibliographie du R. P. Garrigou-Lagrange
_c Angelo Walz
600 1 4 _aGarrigou Lagrange-Bibliografía
_9164323
773 0 _tAngelicum
_gvol. 14, 1937, págs. 5-37
_wRev26
942 _cAR
999 _c535923
_d535923